00534nam a2200169Ia 450000500170000000800410001702000150005808200130007310000130008624500510009926000330015030000190018350000470020294200060024995200940025599900150034920241119013413.0240331s9999 xx 000 0 und d a0863110630 bSINa823 aSingh, K 4aThe collected short stories of Khushwant Singh aDelhibRavi Dayal Publishers axiii, 219 p ., acollected Short Stories of Khushwant Singh cL 001040708LaWERCLbWERCLcSSCd2024-03-31l0o 823 SINp582r2024-03-31w2024-03-31yL c3314d3314